000 00435nam a2200157 4500
001 107687
003 ES-MaACL
005 20230906184453.0
007 t|
008 061121s1924 sp r ||||1| spa d
100 1 _aMosquera, Luis.
_983781
245 1 0 _aDespúes de los dioses
_b: novela /
_cLuis Mosquera.
260 _aSevilla :
_b[s.n],
_c1924 (
_fImp. La Exposición)
300 _a218 p. ;
_c20 cm.
852 _aES-MaACL
_jF-5113
999 _c107687
_d107687